Statistics for Countries with the Lowest GDP per Square Kilometer

Click here to take the quiz!

General Stats

  • This quiz has been taken 198 times
  • The average score is 13 of 20

Answer Stats

$ / sq kmCountry% Correct
25,794D.R. Congo
94%
34,460Mali
88%
14,976Niger
88%
23,739Chad
85%
23,060Mongolia
84%
14,965Mauritania
82%
6,949Somalia
80%
4,699Central African Republic
79%
31,015Namibia
79%
36,836South Sudan
79%
50,506Libya
77%
41,388Mozambique
71%
61,477Botswana
60%
60,244Madagascar
59%
57,473Eritrea
45%
46,203Papua New Guinea
41%
33,812Liberia
33%
56,245Suriname
33%
26,786Guyana
32%
44,155Solomon Islands
16%

Score Distribution

Percentile by Number Answered

Percent of People with Each Score

Your Score History

You have not taken this quiz